Statistics for Regions of Ghana

Click here to take the quiz!

General Stats

  • This quiz has been taken 22 times
  • The average score is 7 of 10

Answer Stats

AreaPopulationRegion% Correct
70,400 km²2,480,000Northern
94%
19,300 km²2,630,000Eastern
88%
23,900 km²2,380,000Western
75%
3,200 km²4,010,000Greater Accra
69%
20,600 km²2,120,000Volta
69%
24,900 km²4,780,000Ashanti
63%
9,800 km²2,200,000Central
63%
8,800 km²1,050,000Upper East
56%
18,500 km²700,000Upper West
56%
39,600 km²2,310,000Brong-Ahafo
31%

Score Distribution

Percentile by Number Answered

Percent of People with Each Score

Your Score History

You have not taken this quiz